[Availability of corrugated triggers and rifle and carbine front sight covers].

Bibliographic Details
Format: Government Document eBook
Language:English
Published: [Washington] : The Department, 1884.
Subjects:
Online Access:Connect to the full text of this electronic document

MARC

Tag First Indicator Second Indicator Subfields
LEADER 00000cam a22000001a 4500
001 in00003623621
005 20190408170854.0
006 m o d f
007 cr bn mmmapmmp
008 141128s1884 dcu o f000 0 eng d
035 |a ebd1909212152 
040 |a UMI  |c UMI  |d UtOrBLW 
086 0 |a W 65.4:884/no.13 
099 |a W6504a-10.13 
245 0 0 |a [Availability of corrugated triggers and rifle and carbine front sight covers]. 
264 1 |a [Washington] :  |b The Department,  |c 1884. 
300 |a 1 online resource (1 pages) 
336 |a text  |b txt  |2 rdacontent 
337 |a computer  |b c  |2 rdamedia 
338 |a online resource  |b cr  |2 rdacarrier 
533 |a Electronic reproduction.  |b [Bethesda, Md.] :  |c ProQuest,  |d 2014.  |e digital, PDF file.  |n ProQuest U.S. Executive Branch Documents  |n Mode of access: World Wide Web via ProQuest website. 
588 |a Record is based on online resource; title from PDF title page (ProQuest, last viewed Nov. 2014). Reuse except for individual research requires license from ProQuest, LLC. 
500 |a Electronic resource. 
650 0 |a Rifles.  |0 http://id.loc.gov/authorities/subjects/sh85114059 
655 7 |a Electronic books.  |2 local 
856 4 0 |u http://proxy.library.tamu.edu/login?url=http://congressional.proquest.com/congressional/docview/t66.d71.w6504a-10.13  |z Connect to the full text of this electronic document  |t 0 
999 f f |s 0bb856e2-dee8-346f-8b2b-9adfc02f4d9b  |i 79fd1821-2ec1-3eee-9adc-bbf62708fd1f  |t 0 
952 f f |a Texas A&M University  |b College Station  |c Electronic Resources  |d Available Online  |t 0  |h No information provided 
998 f f |t 0  |l Available Online